[Event "DVM U20 2020"]
[Site "Willingen GER"]
[Date "2021.06.25"]
[Round "3"]
[White "Askerov, Imamali"]
[Black "Foo, Tzun Hong"]
[Result "1-0"]
[Termination "normal"]
[Board "3.4"]
[WhiteElo "1937"]
[BlackElo "1909"]
[WhiteClock "00:02:17"]
[BlackClock "00:01:05"]
[WhiteTeam "Post SV Uelzen"]
[BlackTeam "Hamburger SK von 1830"]
[PlyCount "79"]
[WhiteFideId "12974498"]
[BlackFideId "12974200"]
[EventCountry "GER"]
[EventRounds "7"]
[EventType "team-swiss"]
[EventDate "2021.06.23"]

1. e4 {[%clk 01:30:57]} {[%emt 00:00:02]} c5 {[%clk 01:30:52]} {[%emt
00:00:09]} 2. Nf3 {[%clk 01:31:17]} {[%emt 00:00:10]} d6 {[%clk 01:31:13]}
{[%emt 00:00:09]} 3. d4 {[%clk 01:31:37]} {[%emt 00:00:10]} cxd4 {[%clk
01:31:37]} {[%emt 00:00:06]} 4. Nxd4 {[%clk 01:32:00]} {[%emt 00:00:07]} Nf6
{[%clk 01:31:57]} {[%emt 00:00:09]} 5. Nc3 {[%clk 01:32:21]} {[%emt 00:00:09]}
a6 {[%clk 01:32:16]} {[%emt 00:00:12]} 6. h3 {[%clk 01:32:01]} {[%emt
00:00:50]} e5 {[%clk 01:32:02]} {[%emt 00:00:45]} 7. Nde2 {[%clk 01:32:25]}
{[%emt 00:00:06]} h5 {[%clk 01:32:11]} {[%emt 00:00:20]} 8. Bg5 {[%clk
01:32:09]} {[%emt 00:00:46]} Be7 {[%clk 01:31:03]} {[%emt 00:01:38]} 9. Bxf6
{[%clk 01:31:22]} {[%emt 00:01:17]} Bxf6 {[%clk 01:27:53]} {[%emt 00:03:40]}
10. Nd5 {[%clk 01:27:41]} {[%emt 00:04:11]} O-O {[%clk 01:14:30]} {[%emt
00:13:52]} 11. Nec3 {[%clk 01:26:13]} {[%emt 00:01:58]} g6 {[%clk 01:00:54]}
{[%emt 00:14:06]} 12. Bc4 {[%clk 01:17:52]} {[%emt 00:08:51]} Bg7 {[%clk
00:56:09]} {[%emt 00:05:15]} 13. Qd3 {[%clk 01:17:46]} {[%emt 00:00:36]} b5
{[%clk 00:50:16]} {[%emt 00:06:23]} 14. Bb3 {[%clk 01:18:09]} {[%emt 00:00:08]}
Nd7 {[%clk 00:43:39]} {[%emt 00:07:07]} 15. Rd1 {[%clk 01:05:33]} {[%emt
00:13:06]} Nc5 {[%clk 00:42:36]} {[%emt 00:01:32]} 16. Qe2 {[%clk 00:59:17]}
{[%emt 00:06:46]} Nxb3 {[%clk 00:19:16]} {[%emt 00:23:51]} 17. axb3 {[%clk
00:59:25]} {[%emt 00:00:22]} Qg5 {[%clk 00:19:15]} {[%emt 00:00:29]} 18. Ne3
{[%clk 00:48:18]} {[%emt 00:11:38]} b4 {[%clk 00:14:09]} {[%emt 00:05:36]} 19.
Ncd5 {[%clk 00:45:08]} {[%emt 00:03:40]} a5 {[%clk 00:07:42]} {[%emt 00:06:58]}
20. c4 {[%clk 00:37:14]} {[%emt 00:08:23]} bxc3 {[%clk 00:07:21]} {[%emt
00:00:51]} 21. bxc3 {[%clk 00:37:36]} {[%emt 00:00:08]} Ba6 {[%clk 00:07:43]}
{[%emt 00:00:08]} 22. c4 {[%clk 00:37:13]} {[%emt 00:00:53]} Rab8 {[%clk
00:05:37]} {[%emt 00:02:36]} 23. h4 {[%clk 00:20:21]} {[%emt 00:17:22]} Qd8
{[%clk 00:05:39]} {[%emt 00:00:28]} 24. Rd3 {[%clk 00:18:57]} {[%emt 00:01:54]}
f5 {[%clk 00:05:33]} {[%emt 00:00:37]} 25. exf5 {[%clk 00:14:31]} {[%emt
00:04:56]} gxf5 {[%clk 00:05:53]} {[%emt 00:00:10]} 26. Qxh5 {[%clk 00:13:02]}
{[%emt 00:01:58]} e4 {[%clk 00:02:45]} {[%emt 00:03:38]} 27. Rd1 {[%clk
00:12:35]} {[%emt 00:00:57]} f4 {[%clk 00:01:28]} {[%emt 00:01:47]} 28. Nf5
{[%clk 00:10:54]} {[%emt 00:02:10]} Rf7 {[%clk 00:01:44]} {[%emt 00:00:15]} 29.
Qg6 {[%clk 00:10:32]} {[%emt 00:00:52]} Rxf5 {[%clk 00:00:38]} {[%emt
00:01:37]} 30. Qxf5 {[%clk 00:11:00]} {[%emt 00:00:01]} Rxb3 {[%clk 00:00:54]}
{[%emt 00:00:15]} 31. Qxe4 {[%clk 00:09:24]} {[%emt 00:02:06]} a4 {[%clk
00:00:36]} {[%emt 00:00:48]} 32. h5 {[%clk 00:07:34]} {[%emt 00:02:19]} Qg5
{[%clk 00:00:32]} {[%emt 00:00:35]} 33. h6 {[%clk 00:05:54]} {[%emt 00:02:10]}
Bxh6 {[%clk 00:00:34]} {[%emt 00:00:27]} 34. Qe6+ {[%clk 00:06:10]} {[%emt
00:00:13]} Kg7 {[%clk 00:00:39]} {[%emt 00:00:27]} 35. Ne7 {[%clk 00:02:23]}
{[%emt 00:04:17]} Bxc4 {[%clk 00:00:36]} {[%emt 00:00:33]} 36. Nf5+ {[%clk
00:02:21]} {[%emt 00:00:32]} Kf8 {[%clk 00:00:34]} {[%emt 00:00:31]} 37. Qxd6+
{[%clk 00:02:00]} {[%emt 00:00:51]} Ke8 {[%clk 00:00:35]} {[%emt 00:00:29]} 38.
Qe5+ {[%clk 00:02:08]} {[%emt 00:00:23]} Kf8 {[%clk 00:00:55]} {[%emt
00:00:10]} 39. Rxh6 {[%clk 00:01:57]} {[%emt 00:00:41]} Re3+ {[%clk 00:01:05]}
{[%emt 00:00:20]} 40. fxe3 {[%clk 00:02:17]} {[%emt 00:00:10]} 1-0

[Event "DVM U20 2020"]
[Site "Willingen GER"]
[Date "2021.06.25"]
[Round "3"]
[White "Fuhrmann, Åke"]
[Black "Falke, Philipp"]
[Result "1-0"]
[Termination "normal"]
[Board "3.5"]
[WhiteElo "1912"]
[BlackElo "1334"]
[WhiteClock "00:38:41"]
[BlackClock "00:10:53"]
[WhiteTeam "Hamburger SK von 1830"]
[BlackTeam "Post SV Uelzen"]
[PlyCount "105"]
[WhiteFideId "12983853"]
[BlackFideId "16294696"]
[EventCountry "GER"]
[EventRounds "7"]
[EventType "team-swiss"]
[EventDate "2021.06.23"]

1. c4 {[%clk 01:30:57]} {[%emt 00:00:02]} e6 {[%clk 01:30:49]} {[%emt
00:00:12]} 2. g3 {[%clk 01:31:21]} {[%emt 00:00:06]} d5 {[%clk 01:31:05]}
{[%emt 00:00:14]} 3. Bg2 {[%clk 01:31:44]} {[%emt 00:00:07]} dxc4 {[%clk
01:31:18]} {[%emt 00:00:17]} 4. Qa4+ {[%clk 01:32:04]} {[%emt 00:00:09]} Nd7
{[%clk 01:31:32]} {[%emt 00:00:16]} 5. Qxc4 {[%clk 01:32:23]} {[%emt 00:00:13]}
a6 {[%clk 01:31:48]} {[%emt 00:00:13]} 6. Qb3 {[%clk 01:30:39]} {[%emt
00:02:14]} Rb8 {[%clk 01:30:40]} {[%emt 00:01:38]} 7. Nf3 {[%clk 01:27:51]}
{[%emt 00:03:18]} b5 {[%clk 01:28:52]} {[%emt 00:02:18]} 8. d4 {[%clk
01:22:57]} {[%emt 00:05:24]} Bb7 {[%clk 01:25:05]} {[%emt 00:04:16]} 9. O-O
{[%clk 01:21:41]} {[%emt 00:01:47]} Ngf6 {[%clk 01:23:36]} {[%emt 00:01:59]}
10. Nc3 {[%clk 01:19:13]} {[%emt 00:02:58]} Be7 {[%clk 01:20:34]} {[%emt
00:03:32]} 11. Bf4 {[%clk 01:10:50]} {[%emt 00:08:52]} O-O {[%clk 01:14:46]}
{[%emt 00:06:18]} 12. Rac1 {[%clk 01:09:59]} {[%emt 00:01:21]} Rc8 {[%clk
01:10:08]} {[%emt 00:05:06]} 13. Rfd1 {[%clk 00:59:13]} {[%emt 00:11:18]} Nd5
{[%clk 01:02:01]} {[%emt 00:08:36]} 14. Nxd5 {[%clk 00:58:13]} {[%emt
00:01:31]} Bxd5 {[%clk 01:02:11]} {[%emt 00:00:20]} 15. Qc2 {[%clk 00:58:27]}
{[%emt 00:00:16]} Bd6 {[%clk 00:48:26]} {[%emt 00:14:15]} 16. Bd2 {[%clk
00:55:06]} {[%emt 00:03:51]} f5 {[%clk 00:45:56]} {[%emt 00:03:00]} 17. Ng5
{[%clk 00:43:52]} {[%emt 00:11:45]} Qf6 {[%clk 00:36:12]} {[%emt 00:10:09]} 18.
e4 {[%clk 00:41:26]} {[%emt 00:03:01]} fxe4 {[%clk 00:35:08]} {[%emt 00:01:33]}
19. Be3 {[%clk 00:41:44]} {[%emt 00:00:13]} h6 {[%clk 00:26:30]} {[%emt
00:09:08]} 20. Nxe4 {[%clk 00:41:49]} {[%emt 00:00:24]} Qe7 {[%clk 00:25:30]}
{[%emt 00:01:29]} 21. f4 {[%clk 00:37:39]} {[%emt 00:04:41]} Nb6 {[%clk
00:23:29]} {[%emt 00:02:29]} 22. b3 {[%clk 00:36:55]} {[%emt 00:01:15]} Ba3
{[%clk 00:23:23]} {[%emt 00:00:36]} 23. Rb1 {[%clk 00:36:34]} {[%emt 00:00:51]}
Nd7 {[%clk 00:22:33]} {[%emt 00:01:18]} 24. Nc5 {[%clk 00:28:53]} {[%emt
00:08:13]} Nxc5 {[%clk 00:22:08]} {[%emt 00:00:55]} 25. dxc5 {[%clk 00:29:16]}
{[%emt 00:00:07]} Bb4 {[%clk 00:20:03]} {[%emt 00:02:33]} 26. Qc1 {[%clk
00:22:26]} {[%emt 00:07:22]} c6 {[%clk 00:19:04]} {[%emt 00:01:28]} 27. a3
{[%clk 00:22:25]} {[%emt 00:00:31]} Ba5 {[%clk 00:19:20]} {[%emt 00:00:13]} 28.
b4 {[%clk 00:22:39]} {[%emt 00:00:16]} Bc7 {[%clk 00:19:32]} {[%emt 00:00:16]}
29. Re1 {[%clk 00:22:04]} {[%emt 00:01:08]} Qf6 {[%clk 00:18:51]} {[%emt
00:01:08]} 30. Qb2 {[%clk 00:17:04]} {[%emt 00:05:34]} Qf5 {[%clk 00:15:44]}
{[%emt 00:03:35]} 31. Bd4 {[%clk 00:16:46]} {[%emt 00:00:50]} Qg4 {[%clk
00:12:17]} {[%emt 00:03:54]} 32. Qe2 {[%clk 00:17:00]} {[%emt 00:00:18]} Qxe2
{[%clk 00:11:41]} {[%emt 00:01:07]} 33. Rxe2 {[%clk 00:17:24]} {[%emt
00:00:06]} Rce8 {[%clk 00:11:06]} {[%emt 00:01:04]} 34. Rbe1 {[%clk 00:17:14]}
{[%emt 00:00:40]} Bxg2 {[%clk 00:09:24]} {[%emt 00:02:12]} 35. Kxg2 {[%clk
00:17:36]} {[%emt 00:00:07]} Kf7 {[%clk 00:07:55]} {[%emt 00:01:59]} 36. Be5
{[%clk 00:13:57]} {[%emt 00:04:10]} Bxe5 {[%clk 00:06:13]} {[%emt 00:02:12]}
37. Rxe5 {[%clk 00:14:21]} {[%emt 00:00:06]} Re7 {[%clk 00:05:30]} {[%emt
00:01:12]} 38. Rd1 {[%clk 00:12:53]} {[%emt 00:01:59]} Rc8 {[%clk 00:03:40]}
{[%emt 00:02:18]} 39. Rd6 {[%clk 00:12:53]} {[%emt 00:00:32]} Kf6 {[%clk
00:03:09]} {[%emt 00:01:00]} 40. Kf3 {[%clk 00:12:53]} {[%emt 00:00:31]} Rcc7
{[%clk 00:01:55]} {[%emt 00:01:44]} 41. Ke4 {[%clk 00:10:52]} {[%emt 00:02:32]}
g6 {[%clk 00:00:37]} {[%emt 00:01:46]} 42. g4 {[%clk 00:07:23]} {[%emt
00:04:00]} Kf7 {[%clk 00:25:48]} {[%emt 00:05:18]} 43. h4 {[%clk 00:37:02]}
{[%emt 00:00:52]} Re8 {[%clk 00:18:48]} {[%emt 00:07:30]} 44. h5 {[%clk
00:37:04]} {[%emt 00:00:29]} gxh5 {[%clk 00:18:35]} {[%emt 00:00:42]} 45. Rxh5
{[%clk 00:37:20]} {[%emt 00:00:13]} Kg7 {[%clk 00:12:52]} {[%emt 00:06:13]} 46.
Ke5 {[%clk 00:37:39]} {[%emt 00:00:12]} Rcc8 {[%clk 00:11:55]} {[%emt
00:01:27]} 47. Rxe6 {[%clk 00:37:25]} {[%emt 00:00:44]} Rxe6+ {[%clk 00:11:24]}
{[%emt 00:01:02]} 48. Kxe6 {[%clk 00:37:48]} {[%emt 00:00:06]} Re8+ {[%clk
00:10:56]} {[%emt 00:00:57]} 49. Kd6 {[%clk 00:38:11]} {[%emt 00:00:07]} Re4
{[%clk 00:11:03]} {[%emt 00:00:24]} 50. Kxc6 {[%clk 00:37:51]} {[%emt
00:00:51]} Rxf4 {[%clk 00:11:11]} {[%emt 00:00:22]} 51. Kb7 {[%clk 00:38:14]}
{[%emt 00:00:06]} Rf3 {[%clk 00:10:52]} {[%emt 00:00:49]} 52. c6 {[%clk
00:38:36]} {[%emt 00:00:07]} Rc3 {[%clk 00:10:53]} {[%emt 00:00:30]} 53. Rc5
{[%clk 00:38:41]} {[%emt 00:00:25]} 1-0

[Event "DVM U20 2020"]
[Site "Willingen GER"]
[Date "2021.06.25"]
[Round "3"]
[White "Schulze, Max Peter"]
[Black "Wolfram, Tom"]
[Result "0-1"]
[Termination "normal"]
[Board "3.6"]
[WhiteElo "1125"]
[BlackElo "1748"]
[WhiteClock "00:52:13"]
[BlackClock "01:07:09"]
[WhiteTeam "Post SV Uelzen"]
[BlackTeam "Hamburger SK von 1830"]
[PlyCount "22"]
[WhiteFideId "16272200"]
[BlackFideId "16214510"]
[EventCountry "GER"]
[EventRounds "7"]
[EventType "team-swiss"]
[EventDate "2021.06.23"]

1. d4 {[%clk 01:30:56]} {[%emt 00:00:04]} Nf6 {[%clk 01:30:33]} {[%emt
00:00:27]} 2. c4 {[%clk 01:31:08]} {[%emt 00:00:18]} c5 {[%clk 01:30:33]}
{[%emt 00:00:30]} 3. Nc3 {[%clk 01:27:23]} {[%emt 00:04:15]} cxd4 {[%clk
01:27:07]} {[%emt 00:03:56]} 4. Qxd4 {[%clk 01:26:59]} {[%emt 00:00:54]} Nc6
{[%clk 01:26:19]} {[%emt 00:01:19]} 5. Qh4 {[%clk 01:27:00]} {[%emt 00:00:28]}
e6 {[%clk 01:20:41]} {[%emt 00:06:08]} 6. Nf3 {[%clk 01:23:06]} {[%emt
00:04:24]} Be7 {[%clk 01:16:45]} {[%emt 00:04:25]} 7. b3 {[%clk 01:06:34]}
{[%emt 00:17:02]} Nd5 {[%clk 01:11:18]} {[%emt 00:05:57]} 8. Qe4 {[%clk
01:02:18]} {[%emt 00:04:46]} Nxc3 {[%clk 01:08:48]} {[%emt 00:03:00]} 9. Qd3
{[%clk 01:01:34]} {[%emt 00:01:12]} f5 {[%clk 01:07:21]} {[%emt 00:01:59]} 10.
Bb2 {[%clk 00:58:27]} {[%emt 00:03:37]} Ne4 {[%clk 01:07:19]} {[%emt 00:00:32]}
11. Bxg7 {[%clk 00:52:13]} {[%emt 00:06:44]} Bb4+ {[%clk 01:07:09]} {[%emt
00:00:40]} 0-1

[Event "DVM U20 2020"]
[Site "Willingen GER"]
[Date "2021.06.25"]
[Round "3"]
[White "Kracht, Raphael"]
[Black "Wübker, Paul-Luca"]
[Result "1-0"]
[Termination "normal"]
[Board "4.1"]
[WhiteElo "2109"]
[BlackElo "2134"]
[WhiteClock "00:03:28"]
[BlackClock "00:11:01"]
[WhiteTeam "Schachfreunde Brackel 1930 e. V."]
[BlackTeam "Schachgesellschaft Bochum 1931"]
[PlyCount "71"]
[WhiteFideId "16214382"]
[BlackFideId "12939528"]
[EventCountry "GER"]
[EventRounds "7"]
[EventType "team-swiss"]
[EventDate "2021.06.23"]

1. e4 {[%clk 01:30:57]} {[%emt 00:00:02]} c5 {[%clk 01:30:55]} {[%emt
00:00:05]} 2. d4 {[%clk 01:31:24]} {[%emt 00:00:03]} cxd4 {[%clk 01:31:19]}
{[%emt 00:00:06]} 3. c3 {[%clk 01:31:51]} {[%emt 00:00:02]} dxc3 {[%clk
01:31:43]} {[%emt 00:00:07]} 4. Nxc3 {[%clk 01:32:09]} {[%emt 00:00:12]} Nc6
{[%clk 01:32:05]} {[%emt 00:00:08]} 5. Nf3 {[%clk 01:32:35]} {[%emt 00:00:04]}
d6 {[%clk 01:32:26]} {[%emt 00:00:09]} 6. Bc4 {[%clk 01:33:02]} {[%emt
00:00:03]} a6 {[%clk 01:32:47]} {[%emt 00:00:09]} 7. O-O {[%clk 01:33:07]}
{[%emt 00:00:26]} Nf6 {[%clk 01:33:11]} {[%emt 00:00:05]} 8. b4 {[%clk
01:31:54]} {[%emt 00:01:43]} Bg4 {[%clk 01:30:56]} {[%emt 00:02:45]} 9. b5
{[%clk 01:30:47]} {[%emt 00:01:37]} axb5 {[%clk 01:29:25]} {[%emt 00:02:01]}
10. Nxb5 {[%clk 01:31:10]} {[%emt 00:00:07]} g6 {[%clk 01:18:35]} {[%emt
00:11:21]} 11. Qb3 {[%clk 01:06:47]} {[%emt 00:24:52]} Bg7 {[%clk 01:18:17]}
{[%emt 00:00:48]} 12. Bxf7+ {[%clk 00:51:35]} {[%emt 00:15:42]} Kf8 {[%clk
01:18:38]} {[%emt 00:00:09]} 13. Ng5 {[%clk 00:50:47]} {[%emt 00:01:18]} Na5
{[%clk 01:14:18]} {[%emt 00:04:49]} 14. Qg3 {[%clk 00:48:30]} {[%emt 00:02:48]}
Qd7 {[%clk 01:05:32]} {[%emt 00:09:16]} 15. Nd4 {[%clk 00:43:19]} {[%emt
00:05:40]} Nh5 {[%clk 01:04:44]} {[%emt 00:01:19]} 16. Qd3 {[%clk 00:42:41]}
{[%emt 00:01:08]} h6 {[%clk 00:54:17]} {[%emt 00:10:57]} 17. Be6 {[%clk
00:36:08]} {[%emt 00:07:03]} Bxe6 {[%clk 00:52:08]} {[%emt 00:02:39]} 18.
Ngxe6+ {[%clk 00:33:25]} {[%emt 00:03:13]} Kg8 {[%clk 00:52:27]} {[%emt
00:00:11]} 19. Bb2 {[%clk 00:24:43]} {[%emt 00:09:12]} Kh7 {[%clk 00:47:11]}
{[%emt 00:05:46]} 20. Qh3 {[%clk 00:20:41]} {[%emt 00:04:31]} Qc8 {[%clk
00:37:51]} {[%emt 00:09:50]} 21. Rac1 {[%clk 00:16:48]} {[%emt 00:04:24]} Nc6
{[%clk 00:38:08]} {[%emt 00:00:12]} 22. f4 {[%clk 00:14:04]} {[%emt 00:03:15]}
Rxa2 {[%clk 00:32:33]} {[%emt 00:06:04]} 23. f5 {[%clk 00:14:15]} {[%emt
00:00:20]} Qe8 {[%clk 00:32:47]} {[%emt 00:00:16]} 24. Nxg7 {[%clk 00:10:11]}
{[%emt 00:04:34]} Nxg7 {[%clk 00:32:57]} {[%emt 00:00:19]} 25. Qb3 {[%clk
00:08:55]} {[%emt 00:01:47]} Nxd4 {[%clk 00:30:22]} {[%emt 00:03:06]} 26. Bxd4
{[%clk 00:08:21]} {[%emt 00:01:03]} Qg8 {[%clk 00:24:01]} {[%emt 00:06:51]} 27.
fxg6+ {[%clk 00:08:24]} {[%emt 00:00:27]} Kxg6 {[%clk 00:24:22]} {[%emt
00:00:09]} 28. Qg3+ {[%clk 00:08:42]} {[%emt 00:00:11]} Kh7 {[%clk 00:24:45]}
{[%emt 00:00:08]} 29. Rc8 {[%clk 00:08:56]} {[%emt 00:00:16]} Nf5 {[%clk
00:22:29]} {[%emt 00:02:47]} 30. Rxg8 {[%clk 00:06:26]} {[%emt 00:02:59]} Rxg8
{[%clk 00:22:42]} {[%emt 00:00:17]} 31. exf5 {[%clk 00:03:17]} {[%emt
00:03:40]} Rxg3 {[%clk 00:22:53]} {[%emt 00:00:19]} 32. hxg3 {[%clk 00:03:45]}
{[%emt 00:00:01]} Kg8 {[%clk 00:22:38]} {[%emt 00:00:45]} 33. Rb1 {[%clk
00:03:26]} {[%emt 00:00:49]} Ra5 {[%clk 00:12:35]} {[%emt 00:10:33]} 34. Rxb7
{[%clk 00:03:39]} {[%emt 00:00:17]} Kf8 {[%clk 00:11:15]} {[%emt 00:01:50]} 35.
f6 {[%clk 00:04:00]} {[%emt 00:00:08]} e6 {[%clk 00:11:01]} {[%emt 00:00:44]}
36. Be3 {[%clk 00:03:28]} {[%emt 00:01:02]} 1-0

[Event "DVM U20 2020"]
[Site "Willingen GER"]
[Date "2021.06.25"]
[Round "3"]
[White "Biermann, Florian"]
[Black "Garbuz, Vitaliy"]
[Result "1-0"]
[Termination "normal"]
[Board "4.2"]
[WhiteElo "2104"]
[BlackElo "2112"]
[WhiteClock "00:16:21"]
[BlackClock "00:15:52"]
[WhiteTeam "Schachgesellschaft Bochum 1931"]
[BlackTeam "Schachfreunde Brackel 1930 e. V."]
[PlyCount "63"]
[WhiteFideId "12970069"]
[BlackFideId "12990710"]
[EventCountry "GER"]
[EventRounds "7"]
[EventType "team-swiss"]
[EventDate "2021.06.23"]

1. Nf3 {[%clk 01:30:58]} {[%emt 00:00:01]} d5 {[%clk 01:30:21]} {[%emt
00:00:40]} 2. g3 {[%clk 01:31:01]} {[%emt 00:00:27]} Nf6 {[%clk 01:30:42]}
{[%emt 00:00:10]} 3. Bg2 {[%clk 01:31:21]} {[%emt 00:00:09]} e6 {[%clk
01:31:00]} {[%emt 00:00:12]} 4. O-O {[%clk 01:30:57]} {[%emt 00:00:53]} Be7
{[%clk 01:31:21]} {[%emt 00:00:10]} 5. d3 {[%clk 01:30:53]} {[%emt 00:00:34]}
b6 {[%clk 01:29:20]} {[%emt 00:02:31]} 6. Nbd2 {[%clk 01:28:55]} {[%emt
00:02:27]} Bb7 {[%clk 01:29:41]} {[%emt 00:00:09]} 7. Re1 {[%clk 01:27:49]}
{[%emt 00:01:37]} O-O {[%clk 01:28:48]} {[%emt 00:01:23]} 8. b3 {[%clk
01:26:43]} {[%emt 00:01:36]} c5 {[%clk 01:25:19]} {[%emt 00:03:58]} 9. Bb2
{[%clk 01:23:58]} {[%emt 00:03:16]} Nbd7 {[%clk 01:22:32]} {[%emt 00:03:16]}
10. e4 {[%clk 01:23:58]} {[%emt 00:00:31]} dxe4 {[%clk 01:16:22]} {[%emt
00:06:39]} 11. dxe4 {[%clk 01:24:10]} {[%emt 00:00:19]} Qc8 {[%clk 01:14:42]}
{[%emt 00:02:09]} 12. Qe2 {[%clk 01:22:03]} {[%emt 00:02:37]} Bc6 {[%clk
01:12:35]} {[%emt 00:02:37]} 13. c4 {[%clk 01:11:06]} {[%emt 00:11:27]} Rd8
{[%clk 01:09:04]} {[%emt 00:04:02]} 14. e5 {[%clk 01:00:26]} {[%emt 00:11:11]}
Ne8 {[%clk 01:08:49]} {[%emt 00:00:44]} 15. Rad1 {[%clk 00:59:02]} {[%emt
00:01:53]} Qb7 {[%clk 01:08:53]} {[%emt 00:00:26]} 16. Nh4 {[%clk 00:57:21]}
{[%emt 00:02:12]} Bxh4 {[%clk 01:05:45]} {[%emt 00:03:38]} 17. Bxc6 {[%clk
00:57:21]} {[%emt 00:00:30]} Qxc6 {[%clk 01:06:10]} {[%emt 00:00:05]} 18. gxh4
{[%clk 00:57:42]} {[%emt 00:00:09]} f5 {[%clk 00:59:06]} {[%emt 00:07:33]} 19.
exf6 {[%clk 00:58:03]} {[%emt 00:00:10]} Ndxf6 {[%clk 00:59:02]} {[%emt
00:00:34]} 20. Nf3 {[%clk 00:56:23]} {[%emt 00:02:09]} Nc7 {[%clk 00:56:19]}
{[%emt 00:03:12]} 21. Ne5 {[%clk 00:52:40]} {[%emt 00:04:15]} Qe8 {[%clk
00:51:14]} {[%emt 00:05:35]} 22. Qf3 {[%clk 00:46:52]} {[%emt 00:06:16]} Rxd1
{[%clk 00:29:39]} {[%emt 00:22:06]} 23. Rxd1 {[%clk 00:47:15]} {[%emt
00:00:08]} Rd8 {[%clk 00:29:50]} {[%emt 00:00:18]} 24. Rxd8 {[%clk 00:34:27]}
{[%emt 00:13:18]} Qxd8 {[%clk 00:30:15]} {[%emt 00:00:06]} 25. Nc6 {[%clk
00:28:37]} {[%emt 00:06:20]} Qd2 {[%clk 00:17:38]} {[%emt 00:13:07]} 26. Bc3
{[%clk 00:24:38]} {[%emt 00:04:28]} Qxa2 {[%clk 00:16:08]} {[%emt 00:02:01]}
27. Bxf6 {[%clk 00:17:02]} {[%emt 00:08:06]} Qb1+ {[%clk 00:16:30]} {[%emt
00:00:08]} 28. Kg2 {[%clk 00:17:09]} {[%emt 00:00:22]} gxf6 {[%clk 00:16:53]}
{[%emt 00:00:08]} 29. Qg3+ {[%clk 00:17:19]} {[%emt 00:00:19]} Kh8 {[%clk
00:15:16]} {[%emt 00:02:07]} 30. Ne7 {[%clk 00:16:11]} {[%emt 00:01:38]} Qe4+
{[%clk 00:15:38]} {[%emt 00:00:09]} 31. Kh3 {[%clk 00:16:22]} {[%emt 00:00:19]}
Qa8 {[%clk 00:15:52]} {[%emt 00:00:17]} 32. Qxc7 {[%clk 00:16:21]} {[%emt
00:00:31]} 1-0